000 00330nam a2200133Ia 4500
005 20260328104249.0
008 260328s9999||||xx |||||||||||||| ||und||
100 _aFiell, Charlotte
245 0 _a1000 Chairs /
_cCharlotte Fiell
260 _bTaschen
300 _a624 p.
650 _aDISEÑO INDUSTRIAL - ELEMENTOS
942 _cBK
999 _c10190
_d10190